000 00345nam a2200145Ia 4500
008 221030s9999 xx 000 0 und d
041 _aEnglish
082 _a105.23
_bKot
100 _aR. K. Kotnala
245 0 _aElements of Electronic Instrumentation
260 _bLaxmi Pub
_aNew Delhi
_c1995
300 _a726
650 _aECE
942 _cBK
999 _c1661
_d1661